| 000 | 01254nam a2200313 a 4500 | ||
|---|---|---|---|
| 001 | BRCA_3424 | ||
| 005 | 20190320204257.0 | ||
| 041 | _aeng | ||
| 044 | _anyu | ||
| 084 |
_a713 _b.D468 _c1938 |
||
| 100 | 1 |
_aCervantes Saavedra, Miguel de _d1547-1616 _9213 |
|
| 245 | 1 | 0 | _aAdventures of Don Quixote. |
| 260 |
_aNueva York : Londres : Toronto _bE. P. Dutton and Co. : J. M. Dent and Sons _c1938 |
||
| 300 |
_a255 p. _c16 cm. |
||
| 440 | 0 |
_aThe Kings Treasures of Literature _98977 |
|
| 500 | _aContenido : Introducción. Texto abreviado y compendiado de ambas partes. Don Quijote y los libros de caballería. Cervantes. Cuestionario y ejercicios | ||
| 500 | _aEdición : Selected and Edited by E. Alec Woolf | ||
| 500 | _aEdición compendiada por E. Alec Woolf D. Litt, muy abreviada. Tela Lúdovik Osterc | ||
| 500 | _aQM1380 | ||
| 546 | _aTexto en : inglés | ||
| 650 | 1 | 4 |
_aNovela española _yÉpoca clásica, 1500-1700 _9215 |
| 650 | 1 | 4 |
_aLiteratura española _yÉpoca clásica, 1500-1700 _9216 |
| 650 | 1 | 4 |
_aNovela española _ySiglo XVII _9217 |
| 650 | 1 | 4 |
_aDon Quijote (Personaje ficticio) _eNovela _9218 |
| 700 | 1 |
_aWoolf, E. Alec _eEditor _98978 |
|
| 740 | 0 | _aEl Ingenioso Hidalgo Don Quijote de la Mancha | |
| 902 | _aQFM | ||
| 942 |
_2lcc _cB |
||
| 999 |
_c3160 _d3160 |
||